| 000 | 004030000a22001570004500 | ||
|---|---|---|---|
| 001 | 000441 | ||
| 003 | MACL | ||
| 040 | _aMACL | ||
| 090 |
_c441 _d441 |
||
| 100 | _aConnell, Joseph T. | ||
| 245 |
_aOrganizational And Institutional Aspects Of Indian Religious Movements _cJoseph T. Connell |
||
| 260 |
_aIndian Institute Of Advanced Study, _c1999 |
||
| 350 | _a500 | ||
| 650 | _aHinduism | ||
| 942 |
_k295 _cBook |
||
| 999 |
_c443 _d443 |
||